Letter Equations Quiz Stats

 Plays Quiz Updated Sep 20, 2018

Support Sporcle.
Go Orange.
Score 0/20 Timer 12:00
3 Plays Today
Equation Solved Equation % Correct
12 M in a Y12 Months in a Year
97.8%
366 D in a L Y366 Days in a Leap Year
88.2%
24 H in a D24 Hours in a Day
86.2%
20000 L under the S20000 Leagues under the Sea
84.8%
5280 F in a M5280 Feet in a Mile
81.9%
1440 M in a D1440 Minutes in a Day
66.9%
13 in a B D13 in a Baker's Dozen
61.9%
12 D of C12 Days of Christmas
61.4%
360 D in a C360 Degrees in a Circle
59.9%
3 B M3 Blind Mice
42.3%
Equation Solved Equation % Correct
18 H on a G C18 Holes on a Golf Course
37.1%
7 W of the A W7 Wonders of the Ancient World
35.9%
4 H of the A4 Horsemen of the Apocalypse
25.7%
31 B-R F31 Baskin-Robbins Flavors
24.7%
88 P K88 Piano Keys
24.1%
12 C in S A12 Countries in South America
21.4%
6 W of H the E 6 Wives of Henry the Eighth
15.6%
8 L on a S (or an O)8 Legs on a Spider (or an Octopus)
12.9%
12 S in a 300 B G12 Strikes in a 300 Bowling Game
11.6%
32 T in an A M32 Teeth in an Adult Mouth
8.5%

From the Vault

Long 'S' Countries

by sproutcm

'Sporclezstan', while fitting, is not a real country. Yet.
Remove Ads.
Support Sporcle.
Get the best of Sporcle when you Go Orange. This ad-free experience offers more features, more stats, and more fun while also helping to support Sporcle. Thank you for becoming a member.

Show Comments

Extras

Top Quizzes Today


Score Distribution

Your Account Isn't Verified!

In order to create a playlist on Sporcle, you need to verify the email address you used during registration. Go to your Sporcle Settings to finish the process.

Report this User

Report this user for behavior that violates our Community Guidelines.

Details: